Essential topology (Registro nro. 321099)

Detalles MARC
000 -ENCABEZADO
Número de control [NR] 00858nam a22002177a 4500
005 - FECHA Y HORA DE LA ÚLTIMA TRANSACCIÓN
control field 20220505152123.0
008 - DE LONGITUD FIJA DE DATOS DE ELEMENTOS - INFORMACIÓN GENERAL
Elementos de longitud fija [NR] 220505s2005 enka|||gr|||| 00| 0 eng d
020 ## - NUMERO INTERNACIONAL NORMALIZADO PARA LIBROS [R]
Número Internacional Normalizado del libro [NR] 9781852337827
040 ## - FUENTE DE CATALOGACION [NR]
Agencia de catalogación original [NR] CO-BoUCM
Idioma de catalogación [NR] spa
Quien Cataloga Deissy Garcia
Quien Clasifica Deissy Garcia
041 0# - CODIGO DE IDIOMA [R]
Código de idioma para texto/pista de sonido o título separado [R] Inglés
100 1# - ASIENTO PRINCIPAL--NOMBRE PERSONAL [NR]
ID Autoridad 174579
Nombre personal [NR] Crossley, Martin D.
245 10 - MENCION DE TITULO [NR]
Título [NR] Essential topology
Mención de responsabilidad, etc. [NR] Martin D. Crossley
260 ## - PUBLICACION, DISTRIBUCION, ETC. (PIE DE IMPRENTA) [R]
Lugar de publicación, distribución, etc. [R] Londres
Nombre del editor, distribuidor, etc. [R] Springer
Fecha de publicación, distribución, etc. [R] 2005
300 ## - DESCRIPCION FISICA [R]
Extensión [R] ix, 226 páginas
Otros detalles físicos [NR] ilustraciones
490 0# - MENCION DE SERIE [R]
Mención de serie [R] Springer undergraduate mathematics series
ISBN [NR] 1615-2085
500 ## - NOTA GENERAL [R]
Nota general [NR] Bibliografía Básica - Escuela de Ingeniería, Ciencia y Tecnología - Pregrado en Matemáticas Aplicadas y Ciencias de la Computación
504 ## - NOTA DE BIBLIOGRAFIA, ETC. [R]
Nota de bibliografía, etc. [NR] Incluye referencias bibliográficas
650 #7 - ASIENTO SECUNDARIO DE MATERIA - TERMINO TEMATICO [R]
9 (RLIN) 25523
Término temático o nombre geográfico como elemento de entrada [NR] Topología
Subdivisión de forma [R] Libros de texto
942 ## - ELEMENTOS DE ENTRADA AGREGADOS (KOHA)
Sistema de clasificación DEWEY
Tipo de ítem principal el descrito en 300a Libro
Tema principal Ciencias puras
Edición 1
Clasificación 514
Parte restante de la signatura top. C951e
Título oculto en OPAC No
Existencias
Fecha de último préstamo Total préstamos Total Renewals Signatura topográfica Código de barras Última vez visto Ejemplar Costo de reposición Price effective from Tipo de ítem Nota pública (OPAC) Perdido Sistema de clasificación Dañado No prestable Tipo de ítem específico Suprimido Ubicación habitual Ubicación actual Localización Fecha de creación Forma de adquisición Costo
26/09/2023 2 2 514 C951e 100170197 04/12/2025 Ej.1 180000.00 05/05/2022 Libro Fundamentos Matemáticos   DEWEY     Libro   Claustro Claustro 4to piso 05/05/2022 Compra 180000.00